00658 2200241 4500001002100000005001500021035002500036090001600061245007300077260003700150300003800187008004100225040001700266082001200283084001400295100001600309250002000325650001200345700002100357850001200378041000800390990001800398YOGYA00000000002580220190113050033 a0010-081400000025520 aL 635 OCH s0 aSayur-sayuran negeri kita /cJ.J. Ochse; penerjemah, N. St. Iskandar aDjakarta :bBalai Pustaka,c1952 a211 halaman :bilustrasi ;c21 cm130805s1952 jkia f ind d aYOPDYOGbind04223a635 a635 OCH s1 aOchse, J.J. aTjetakan ketiga 4aSayuran1 aIskandar, N. St. aYOPDYOG0 aind a62491-PD/A.18